Stafford Cripps, a biography / (Record no. 616219)
[ view plain ]
| 000 -LEADER | |
|---|---|
| fixed length control field | 01017cam a2200313 4500 |
| 001 - CONTROL NUMBER | |
| control field | 15337990 |
| 005 - DATE AND TIME OF LATEST TRANSACTION | |
| control field | 20260216155901.0 |
| 008 - FIXED-LENGTH DATA ELEMENTS--GENERAL INFORMATION | |
| fixed length control field | 080620s1949 enkac 000 0 eng |
| 010 ## - LIBRARY OF CONGRESS CONTROL NUMBER | |
| LC control number | 50001856 |
| 035 ## - SYSTEM CONTROL NUMBER | |
| System control number | 15337990 |
| 040 ## - CATALOGING SOURCE | |
| Original cataloging agency | DLC |
| Transcribing agency | DLC |
| Modifying agency | DLC |
| 050 00 - LIBRARY OF CONGRESS CALL NUMBER | |
| Classification number | DA585.C7 |
| Item number | E74 1949a |
| 082 ## - DEWEY DECIMAL CLASSIFICATION NUMBER | |
| Classification number | 941.082 |
| Author Mark | EST |
| 100 1# - MAIN ENTRY--PERSONAL NAME | |
| Personal name | Estorick, Eric. |
| 9 (RLIN) | 133257 |
| 245 10 - TITLE STATEMENT | |
| Title | Stafford Cripps, a biography / |
| Statement of responsibility, etc. | Eric. Estorick |
| 260 ## - PUBLICATION, DISTRIBUTION, ETC. | |
| Place of publication, distribution, etc. | London, |
| Name of publisher, distributor, etc. | Heinemann, |
| Date of publication, distribution, etc. | 1949. |
| 300 ## - PHYSICAL DESCRIPTION | |
| Extent | viii, 378 p. |
| Other physical details | illus., ports. |
| Dimensions | 22 cm. |
| 336 ## - CONTENT TYPE | |
| Content type term | text |
| Content type code | txt |
| Source | rdacontent |
| 337 ## - MEDIA TYPE | |
| Media type term | unmediated |
| Media type code | n |
| Source | rdamedia |
| 338 ## - CARRIER TYPE | |
| Carrier type term | volume |
| Carrier type code | nc |
| Source | rdacarrier |
| 500 ## - GENERAL NOTE | |
| General note | "1st pub., 1949." |
| 600 10 - SUBJECT ADDED ENTRY--PERSONAL NAME | |
| Personal name | Cripps, Richard Stafford, |
| Titles and other words associated with a name | Sir, |
| Dates associated with a name | 1889-1952. |
| 9 (RLIN) | 133258 |
| 651 #0 - SUBJECT ADDED ENTRY--GEOGRAPHIC NAME | |
| Geographic name | Great Britain |
| General subdivision | Politics and government |
| Chronological subdivision | 20th century. |
| 9 (RLIN) | 133259 |
| 906 ## - LOCAL DATA ELEMENT F, LDF (RLIN) | |
| a | 0 |
| b | cbc |
| c | premunv |
| d | 3 |
| e | ncip |
| f | 19 |
| g | y-gencatlg |
| 942 ## - ADDED ENTRY ELEMENTS (KOHA) | |
| Source of classification or shelving scheme | |
| Koha item type | Book |
| Withdrawn status | Lost status | Source of classification or shelving scheme | Damaged status | Not for loan | Permanent Location | Current Location | Date acquired | Source of acquisition | Total Checkouts | Full call number | Barcode | Date last seen | Price effective from | Koha item type |
|---|---|---|---|---|---|---|---|---|---|---|---|---|---|---|
| NUST Law School (NLS) | NUST Law School (NLS) | 02/16/2026 | Donated by Mr. Salahuddin Khan Advocate Supreme Court of Pakistan | 941.082 EST | NLSD-571 | 02/16/2026 | 02/16/2026 | Book |
